000 01258nam0a22003731 4500
001 v19\rc\1882413
005 20251118180331.4
035 _a(NLR Aleph) 004972285
090 _a6097409
_c6097409
100 _a20080221d1910 u y0rusy50 ca
101 1 _arus
_ceng
102 _aRU
105 _ay z |||||
200 1 _aВведение в изучение физической химии
_fВ. Рамзай, проф. Лондон. ун-та
_gПер. с англ. под ред. проф. П.Г. Меликова
210 _aОдесса
_cMathesis
_d1910
215 _a[6], 75 с.
_d19
700 1 _aРамзай
_bВ.
_f1852-1916
_gВильям
702 1 _4340
_7ca
_8rus
_aМеликов
_bП. Г.
_f1850-1927
_gПетр Григорьевич
_9245868
_3RU\NLR\AUTH\770245924
801 0 _aRU
_bNLR
_gpsbo
801 0 _aRU
_bRuMoRGB
_2psbo
801 1 _aRU
_bProSoft-M
_2rusmarc
852 _aNLR
_j62-4/796
899 _aRuMoRGB
_jU 81/1150
899 _aRuMoRGB
_jРб 3/885
899 _aRuMoRGB
_jV 54/458
899 _aRuMoRGB
_jU 266/462
899 _aRuMoRGB
_jT 93/180
899 _aRuMoRGB
_jU 57/697
899 _aRuMoRGB
_jКл 66/300
899 _aБАН
899 _aНБ СПбГУ
899 _aНБ МГУ
942 _cBOOK
980 _aNB